000 00937cam a2200217 4500
001 L129383
008 050527n2004 000 0 eng u
020 _a1901171280
035 _a(Sirsi) u129838
041 _aeng
050 _a692.8
_c18
110 _aAssociation of Consultant Architects
_91156
245 _aACA 98
_bThe Appointment of a Consultant Architect
_cfor Small Works, Works of Simple Content and Specialist Services (2004 Revision)
260 _aAssociation of Consultant Architects
_c2004
300 _aii, 8p.
_c30cm.
350 _a5.00
490 _aACA Appointment of a Consultant Architect for Small Works, Works of Simple Content and Specialist Services 2004 Edition
650 _aACA APPOINTMENT OF A CONSULTANT ARCHITECT FOR SMALL WORKS, WORKS OF SIMPLE CONTENT AND SPECIALIST SERVICES 2004 EDITION
690 _aBUILT ENVIRONMENT-BUILDING CONTRACT FORMS-STANDARD FORMS OF BUILDING CONTRACT
942 _n0
999 _c104295
_d104295